Návody a vzory realizací s. 8086 /

Na minha lista:
Detalhes bibliográficos
Autor principal: Němec, Dalibor (Author)
Formato: Livro
Idioma:tcheco
Publicado em: Praha : ČSVTS, 1988
Edição:1.vyd.
Tags: Adicionar Tag
Sem tags, seja o primeiro a adicionar uma tag!

MARC

LEADER 00000nam a22000003a 4500
001 stu7278
005 20150617225809.5
008 950120s1988----xr------------------cze-d
040 |a STU  |b slo 
041 0 |a cze 
044 |a xr 
080 |a 681.326.02-181.4(083)  |7 stu_us_auth*stu7544 
100 1 |a Němec, Dalibor  |4 aut 
245 1 |a Návody a vzory realizací s. 8086 /  |c [aut.] Němec,Dalibor 
250 |a 1.vyd. 
260 |a Praha :  |b ČSVTS,  |c 1988 
300 |a 188 s 
996 |b 284ES16967  |c E*S-32860  |l EE01  |s A  |a 24  |w stu7278_0001 
996 |b 284ES16970  |c E*S-32861  |l EE01  |s A  |a 24  |w stu7278_0002 
996 |b 284ES16969  |c E*S-32865  |l EE01  |s A  |a 24  |w stu7278_0005